[Event "69th Moscow Blitz"]
[Site "Moscow RUS"]
[Date "2015.09.06"]
[Round "13.4"]
[White "Onischuk, Alexander"]
[Black "Dubov, Daniil"]
[Result "0-1"]
[WhiteTitle "GM"]
[BlackTitle "GM"]
[WhiteElo "2662"]
[BlackElo "2661"]
[WhiteFideId "14101025"]
[BlackFideId "24126055"]
[EventDate "2015.09.06"]
[EventType "blitz"]

1. d4 Nf6 2. c4 c5 3. Nf3 cxd4 4. Nxd4 e6 5. Nc3 d5 6. g3 e5 7. Nf3 d4 8. Nb5
Nc6 9. Bg2 a6 10. Na3 e4 11. Nd2 Bf5 12. Nb3 Be7 13. Nc2 d3 14. Ne3 Bb4+ 15. Bd2
dxe2 16. Qxe2 Be6 17. O-O O-O 18. Bxb4 Nxb4 19. Nc5 Qd4 20. Nxe6 fxe6 21. Rad1
Nd3 22. Bxe4 Nf4 23. Bxh7+ Nxh7 24. gxf4 Qxf4 25. Qg4 Qe5 26. Rd7 Ng5 27. Qg3
Nf3+ 28. Kh1 Qxb2 29. Rfd1 Qf6 30. Rxb7 Rad8 31. Rdd7 Qa1+ 32. Kg2 Ne1+ 33. Kg1
Nf3+ 34. Kg2 Ne1+ 35. Kg1 Rxd7 36. Rxd7 Nf3+ 37. Kg2 Ne1+ 38. Kg1 Nf3+ 39. Kg2
Ne1+ 40. Kg1 Nd3+ 41. Kg2 Nf4+ 0-1

[Event "69th Moscow Blitz"]
[Site "Moscow RUS"]
[Date "2015.09.06"]
[Round "13.7"]
[White "Riazantsev, Alexander"]
[Black "Vavulin, Maksim"]
[Result "1-0"]
[WhiteTitle "GM"]
[BlackTitle "IM"]
[WhiteElo "2646"]
[BlackElo "2441"]
[WhiteFideId "4125029"]
[BlackFideId "4169530"]
[EventDate "2015.09.06"]
[EventType "blitz"]

1. d4 g6 2. c4 Bg7 3. e4 c5 4. d5 d6 5. Nc3 e6 6. Bf4 e5 7. Be3 Bh6 8. Bxh6 Nxh6
9. Qd2 Ng4 10. h3 Nf6 11. g4 h5 12. g5 Nh7 13. h4 O-O 14. Bh3 a6 15. f4 exf4 16.
Qxf4 Bxh3 17. Rxh3 f6 18. gxf6 Qxf6 19. Qxf6 Nxf6 20. Nf3 Nbd7 21. Ng5 Ng4 22.
Ne6 Rf6 23. e5 Ndxe5 24. Ne4 Nxc4 25. Nxf6+ Nxf6 26. O-O-O Re8 27. b3 Ne5 28.
Nf4 Nfg4 29. Rg3 Rf8 30. Nd3 Nd7 31. Re1 Rf7 32. Re6 Rf6 33. Re7 Rf7 34. Re6 Rf6
35. Rxf6 Ndxf6 36. Nf4 Kf7 37. Kc2 Ne4 38. Rg1 Ne5 39. Rf1 Nf6 40. a3 Kg7 41.
Ne6+ Kf7 42. Nf4 Neg4 43. Re1 Ne5 44. b4 b6 45. bxc5 bxc5 46. Rb1 Nfd7 47. Rb7
Kf6 48. Ra7 Kf5 49. Nd3 Ke4 50. Nxe5 Nxe5 51. Rxa6 Kxd5 52. Ra7 Kc4 53. Rb7 d5
54. a4 Nc6 55. Rb6 Nb4+ 56. Kd2 d4 57. a5 Kd5 58. a6 Nc6 59. Rb7 c4 60. a7 c3+
61. Kc2 Kc4 62. a8=Q Kd5 1-0

[Event "69th Moscow Blitz"]
[Site "Moscow RUS"]
[Date "2015.09.06"]
[Round "13.9"]
[White "Demidov, Mikhail"]
[Black "Sychev, Klementy"]
[Result "0-1"]
[WhiteTitle "IM"]
[BlackTitle "IM"]
[WhiteElo "2497"]
[BlackElo "2414"]
[WhiteFideId "4197143"]
[BlackFideId "4114060"]
[EventDate "2015.09.06"]
[EventType "blitz"]

1. d4 Nf6 2. Bg5 c5 3. d5 Qb6 4. Nc3 Qxb2 5. Bd2 Qb6 6. e4 d6 7. f4 e6 8. Nf3
Be7 9. Rb1 Qd8 10. Bb5+ Bd7 11. dxe6 fxe6 12. Bc4 Nc6 13. O-O O-O 14. Ng5 Qc8
15. f5 Nd4 16. Ne2 d5 17. fxe6 dxc4 18. exd7 Qxd7 19. e5 Nd5 20. Nxd4 cxd4 21.
Nf3 Bc5 22. Kh1 Rae8 23. Qe2 b5 24. Qe4 Nb6 25. Rbd1 Qf5 26. Qc6 Rc8 27. Qxb5
Qxc2 28. Bg5 Qg6 29. h4 c3 30. Qb3+ Kh8 31. e6 c2 32. Ne5 Qe4 33. Nf7+ Rxf7 34.
exf7 cxd1=Q 35. Qxd1 Rf8 36. Re1 Qc6 37. Qh5 Qg6 38. Qxg6 hxg6 39. Re8 d3 40. g4
Kh7 41. Kg2 Rxf7 42. Rd8 Rf2+ 43. Kg3 Rxa2 44. Bf4 Ra3 45. Kf3 d2+ 46. Ke4 Nc4
47. Bxd2 Nxd2+ 48. Rxd2 Ra4+ 49. Kf3 Be7 50. h5 gxh5 51. gxh5 Bc5 52. Rd5 Bb6
53. Rd6 Ra5 54. Kg4 Rc5 55. h6 gxh6 56. Rd7+ Kg6 57. Rd6+ Kg7 58. Rd7+ Kf8 59.
Rh7 h5+ 60. Kf4 a5 61. Ke4 a4 62. Rh6 Rb5 63. Kd3 Bg1 64. Kc4 Rg5 65. Kb4 Kg7
66. Rc6 h4 67. Kxa4 h3 68. Rc7+ Kg6 69. Rc6+ Kh5 70. Rc8 h2 71. Kb3 Rg3+ 72. Kc4
Rh3 73. Rh8+ Kg4 74. Rg8+ Kf5 75. Rf8+ Ke5 0-1

[Event "69th Moscow Blitz"]
[Site "Moscow RUS"]
[Date "2015.09.06"]
[Round "14.5"]
[White "Najer, Evgeniy"]
[Black "Riazantsev, Alexander"]
[Result "0-1"]
[WhiteTitle "GM"]
[BlackTitle "GM"]
[WhiteElo "2658"]
[BlackElo "2646"]
[WhiteFideId "4118987"]
[BlackFideId "4125029"]
[EventDate "2015.09.06"]
[EventType "blitz"]

1. e4 c5 2. Nc3 g6 3. f4 Bg7 4. Nf3 d6 5. Bc4 e6 6. d3 Ne7 7. O-O d5 8. Bb3 O-O
9. Qe1 Nbc6 10. f5 c4 11. f6 Bxf6 12. dxc4 d4 13. e5 Nxe5 14. Nxe5 Bxe5 15. Qxe5
Nc6 16. Qg3 dxc3 17. bxc3 e5 18. Bh6 Re8 19. Rad1 Qb6+ 20. Be3 Qc7 21. Bg5 f5
22. Rd6 Na5 23. Bh6 Qc5+ 24. Be3 Qxd6 25. c5+ Qe6 26. Bxe6+ Bxe6 27. Bh6 Nc6 28.
h4 f4 29. Qh2 Bg4 30. h5 Bxh5 31. g3 Ne7 32. gxf4 Nf5 33. fxe5 Nxh6 34. Qf4 Nf5
35. Rb1 Re7 36. Qe4 Rae8 37. Rxb7 Rxe5 38. Qc4+ Kh8 39. Qf7 Re1+ 40. Kh2 R8e2+ 0-1

[Event "69th Moscow Blitz"]
[Site "Moscow RUS"]
[Date "2015.09.06"]
[Round "14.8"]
[White "Kobalia, Mikhail"]
[Black "Onischuk, Alexander"]
[Result "1/2-1/2"]
[WhiteTitle "GM"]
[BlackTitle "GM"]
[WhiteElo "2632"]
[BlackElo "2662"]
[WhiteFideId "4119150"]
[BlackFideId "14101025"]
[EventDate "2015.09.06"]
[EventType "blitz"]

1. e4 e5 2. Nf3 Nc6 3. Bb5 a6 4. Ba4 Nf6 5. O-O Bc5 6. c3 b5 7. Bb3 d6 8. a4 Bg4
9. h3 Bxf3 10. Qxf3 Na5 11. Bc2 b4 12. d3 Rb8 13. Nd2 O-O 14. Re1 Re8 15. Nf1
bxc3 16. bxc3 Nb3 17. Bxb3 Rxb3 18. Bd2 d5 19. Reb1 Rxb1 20. Rxb1 dxe4 21. dxe4
Qd7 22. Bg5 Be7 23. Ne3 Qxa4 24. Nf5 Bd8 25. Rb8 Qd7 26. Kh2 a5 27. Bxf6 Bxf6
28. Qd3 Qe6 29. Rb5 a4 30. Ra5 g6 31. Ne3 Qc6 32. Nd5 Bg7 33. Nb4 Qe6 34. Rxa4
f5 35. Ra6 Qf7 36. exf5 gxf5 37. Qd5 e4 38. Rc6 e3 39. fxe3 Rxe3 40. Qxf7+ Kxf7
41. Rxc7+ Kg6 42. Rc6+ Kg5 43. Nd5 Be5+ 44. Kg1 Rd3 45. Nb4 Rxc3 1/2-1/2

[Event "69th Moscow Blitz"]
[Site "Moscow RUS"]
[Date "2015.09.06"]
[Round "14.9"]
[White "Zvjaginsev, Vadim"]
[Black "Inarkiev, Ernesto"]
[Result "1/2-1/2"]
[WhiteTitle "GM"]
[BlackTitle "GM"]
[WhiteElo "2660"]
[BlackElo "2660"]
[WhiteFideId "4113403"]
[BlackFideId "4162722"]
[EventDate "2015.09.06"]
[EventType "blitz"]

1. e4 e5 2. Nf3 Nc6 3. g3 g6 4. d4 exd4 5. Nxd4 Bg7 6. Nxc6 bxc6 7. Nd2 Ne7 8.
Bg2 O-O 9. O-O d6 10. Nb3 Rb8 11. c3 c5 12. Qc2 f5 13. Bg5 h6 14. Bxe7 Qxe7 15.
f4 Bb7 16. Rae1 1/2-1/2

[Event "69th Moscow Blitz"]
[Site "Moscow RUS"]
[Date "2015.09.06"]
[Round "14.10"]
[White "Novikov, Stanislav"]
[Black "Oparin, Grigoriy"]
[Result "0-1"]
[WhiteTitle "GM"]
[BlackTitle "GM"]
[WhiteElo "2536"]
[BlackElo "2569"]
[WhiteFideId "4125371"]
[BlackFideId "24125890"]
[EventDate "2015.09.06"]
[EventType "blitz"]

1. e4 c5 2. Nf3 d6 3. d4 cxd4 4. Nxd4 Nf6 5. Nc3 a6 6. Be3 e5 7. Nb3 Be7 8. Qd2
Be6 9. f4 b5 10. O-O-O Nbd7 11. Kb1 Rc8 12. f5 Bc4 13. g4 Nxg4 14. Rg1 b4 15.
Nd5 Bxd5 16. Rxg4 Nf6 17. Rxg7 Bxe4 18. Bd3 Qc7 19. Rc1 Qb7 20. Bg5 Bxd3 21.
Qxd3 Qb5 22. Qh3 h6 23. Nd2 Qd5 24. Bxf6 Bxf6 25. Rg2 Ke7 26. Qe3 Qxg2 27. Ne4
Rc7 28. Qb6 Rd7 29. Qxb4 Rc8 30. c3 a5 31. Qa4 Rb7 32. b3 Rb4 33. cxb4 Qxe4+ 0-1

[Event "69th Moscow Blitz"]
[Site "Moscow RUS"]
[Date "2015.09.06"]
[Round "15.1"]
[White "Oparin, Grigoriy"]
[Black "Grachev, Boris"]
[Result "1/2-1/2"]
[WhiteTitle "GM"]
[BlackTitle "GM"]
[WhiteElo "2569"]
[BlackElo "2649"]
[WhiteFideId "24125890"]
[BlackFideId "4129199"]
[EventDate "2015.09.06"]
[EventType "blitz"]

1. e4 c5 2. Nf3 e6 3. d4 cxd4 4. Nxd4 Nc6 5. Nc3 a6 6. Be2 Qc7 7. O-O Nf6 8. Be3
Be7 9. f4 d6 10. Kh1 O-O 11. Qe1 Nxd4 12. Bxd4 b5 13. a3 Bb7 14. Qg3 Bc6 15. Bd3
Qb7 16. Rae1 b4 17. Nd1 bxa3 18. bxa3 Qd7 19. Nf2 Nh5 20. Qf3 Nf6 21. Qg3 Nh5
22. Qg4 Nf6 23. Qg3 Nh5 24. Qg4 Nf6 1/2-1/2

[Event "69th Moscow Blitz"]
[Site "Moscow RUS"]
[Date "2015.09.06"]
[Round "15.2"]
[White "Inarkiev, Ernesto"]
[Black "Novikov, Stanislav"]
[Result "1-0"]
[WhiteTitle "GM"]
[BlackTitle "GM"]
[WhiteElo "2660"]
[BlackElo "2536"]
[WhiteFideId "4162722"]
[BlackFideId "4125371"]
[EventDate "2015.09.06"]
[EventType "blitz"]

1. d4 Nf6 2. Nf3 g6 3. g3 Bg7 4. Bg2 O-O 5. O-O d6 6. c4 c6 7. Nc3 Qb6 8. b3 e5
9. e3 e4 10. Nd2 d5 11. f3 exf3 12. Qxf3 Be6 13. Na4 Qa5 14. Qe2 Nbd7 15. Bb2
Rfe8 16. Nc3 Bf5 17. h3 h5 18. Rf3 c5 19. Rxf5 gxf5 20. Qf2 cxd4 21. exd4 Ne4
22. Ndxe4 dxe4 23. Nd5 Nf6 24. Ne3 h4 25. d5 Nh5 26. g4 Bxb2 27. Qxb2 Qb6 28.
Re1 Ng3 29. Qf2 Re5 30. b4 1-0

[Event "69th Moscow Blitz"]
[Site "Moscow RUS"]
[Date "2015.09.06"]
[Round "15.3"]
[White "Onischuk, Alexander"]
[Black "Zvjaginsev, Vadim"]
[Result "1/2-1/2"]
[WhiteTitle "GM"]
[BlackTitle "GM"]
[WhiteElo "2662"]
[BlackElo "2660"]
[WhiteFideId "14101025"]
[BlackFideId "4113403"]
[EventDate "2015.09.06"]
[EventType "blitz"]

1. d4 d5 2. c4 e6 3. Nc3 Nf6 4. cxd5 exd5 5. Bg5 c6 6. e3 Bf5 7. Qf3 Bg6 8. Bxf6
Qxf6 9. Qxf6 gxf6 10. Nge2 Nd7 11. Nf4 Nb6 12. g3 Nc8 13. Kd2 Nd6 14. Bd3 Kd7
15. h4 Bh6 16. b3 Bxf4 17. gxf4 Rhg8 18. Rag1 Bxd3 19. Kxd3 h5 20. f3 Nf5 1/2-1/2

[Event "69th Moscow Blitz"]
[Site "Moscow RUS"]
[Date "2015.09.06"]
[Round "15.6"]
[White "Riazantsev, Alexander"]
[Black "Mozharov, Mikhail"]
[Result "1/2-1/2"]
[WhiteTitle "GM"]
[BlackTitle "GM"]
[WhiteElo "2646"]
[BlackElo "2573"]
[WhiteFideId "4125029"]
[BlackFideId "4189825"]
[EventDate "2015.09.06"]
[EventType "blitz"]

1. d4 Nf6 2. c4 b6 3. Nc3 Bb7 4. Nf3 d5 5. cxd5 Nxd5 6. e3 e6 7. Bb5+ c6 8. Bd3
Nd7 9. O-O Be7 10. e4 Nxc3 11. bxc3 O-O 12. Qe2 c5 13. a4 Re8 14. Bb2 Qc7 15.
Nd2 Nf8 16. f4 Red8 17. f5 exf5 18. Rxf5 Bc8 19. Rf2 f6 20. Raf1 cxd4 21. cxd4
Be6 22. Kh1 Bd6 23. e5 fxe5 24. Nc4 Be7 25. Nxe5 Bd5 26. Qh5 Bf6 27. Ng4 Qf7 28.
Nxf6+ gxf6 29. Qg4+ Qg7 30. Qxg7+ Kxg7 31. Rxf6 Rac8 32. h4 Rc7 33. h5 Ne6 34.
h6+ Kg8 35. Ba3 Rc3 36. Bf5 Rxa3 37. Bxe6+ Bxe6 38. Rxe6 Rxa4 39. d5 Rd4 40. Re7
R4xd5 41. Rf6 R5d6 42. Rg7+ Kh8 43. Rxd6 Rxd6 44. Rxa7 Rxh6+ 45. Kg1 Rf6 46. Rb7
h6 47. g4 Kg8 48. Kg2 Kf8 49. Kg3 Ke8 50. Kh4 Kd8 51. g5 hxg5+ 52. Kxg5 Kc8 53.
Rh7 Rc6 54. Kf4 b5 55. Ke3 b4 56. Rh4 Rb6 57. Kd2 1/2-1/2

[Event "69th Moscow Blitz"]
[Site "Moscow RUS"]
[Date "2015.09.06"]
[Round "15.8"]
[White "Demidov, Mikhail"]
[Black "Vavulin, Maksim"]
[Result "0-1"]
[WhiteTitle "IM"]
[BlackTitle "IM"]
[WhiteElo "2497"]
[BlackElo "2441"]
[WhiteFideId "4197143"]
[BlackFideId "4169530"]
[EventDate "2015.09.06"]
[EventType "blitz"]

1. d4 g6 2. e4 Bg7 3. Nf3 d6 4. Nc3 a6 5. a4 b6 6. h4 h6 7. h5 g5 8. Be3 Bb7 9.
Bc4 Nf6 10. Qd3 Nc6 11. Rd1 Nb4 12. Bxf7+ Kxf7 13. Qc4+ e6 14. Qxb4 Nxe4 15. Ne2
Rf8 16. Qb3 Qf6 17. Qc4 Rac8 18. Qd3 Kg8 19. Rf1 Qf5 20. Nh2 g4 21. Nf4 e5 22.
Ng6 Rfe8 23. dxe5 Qxh5 24. exd6 cxd6 25. Qb3+ d5 26. Qxb6 Bc6 27. Nf4 Qxh2 28.
c3 g3 29. Ke2 gxf2 30. Kd3 Qg3 31. Kc2 Nxc3 32. Rd3 Bxa4+ 33. b3 Bb5 34. Kd2
Ne4+ 35. Ke2 Qg4# 0-1

[Event "69th Moscow Blitz"]
[Site "Moscow RUS"]
[Date "2015.09.06"]
[Round "16.1"]
[White "Grachev, Boris"]
[Black "Sychev, Klementy"]
[Result "1-0"]
[WhiteTitle "GM"]
[BlackTitle "IM"]
[WhiteElo "2649"]
[BlackElo "2414"]
[WhiteFideId "4129199"]
[BlackFideId "4114060"]
[EventDate "2015.09.06"]
[EventType "blitz"]

1. d4 Nf6 2. Bf4 g6 3. e3 Bg7 4. h3 O-O 5. Nf3 d6 6. Be2 Nc6 7. O-O e5 8. Bh2
exd4 9. exd4 Re8 10. c3 Bf5 11. Nbd2 Qd7 12. Re1 Re7 13. Bb5 Rxe1+ 14. Qxe1 a6
15. Bf1 Re8 16. Qd1 Bh6 17. g4 Nxg4 18. hxg4 Bxg4 19. Bg2 Qf5 20. Qf1 Qc2 21.
Qb1 Qxb1+ 22. Rxb1 Re2 23. Nf1 Bf5 24. Re1 Rxb2 25. d5 Na5 26. Re7 Nc4 27. Rxc7
b5 28. a4 bxa4 29. Rxc4 a3 30. Ra4 a2 31. Nd4 Bb1 32. Bxd6 Bc1 33. Rxa6 Rb6 34.
Ra8+ Kg7 35. Be5+ Kh6 36. d6 Rb8 37. Rxb8 a1=Q 38. d7 Bg5 39. Bf4 Bxf4 40. d8=Q
Bxb8 41. Qxb8 1-0

[Event "69th Moscow Blitz"]
[Site "Moscow RUS"]
[Date "2015.09.06"]
[Round "16.4"]
[White "Najer, Evgeniy"]
[Black "Demidov, Mikhail"]
[Result "1/2-1/2"]
[WhiteTitle "GM"]
[BlackTitle "IM"]
[WhiteElo "2658"]
[BlackElo "2497"]
[WhiteFideId "4118987"]
[BlackFideId "4197143"]
[EventDate "2015.09.06"]
[EventType "blitz"]

1. e4 e6 2. d4 d5 3. e5 c5 4. c3 Ne7 5. Nf3 Nec6 6. Be2 b6 7. O-O a5 8. Be3 Ba6
9. Nbd2 Bxe2 10. Qxe2 Be7 11. Rfe1 Na6 12. Nf1 Nc7 13. Ng3 Qd7 14. Nh5 O-O 15.
Rad1 Rfc8 16. h4 Ne8 17. Ng5 h6 18. Nh3 Bf8 19. Qg4 Kh8 20. a3 cxd4 21. cxd4 Ne7
22. Ng3 Rc2 23. Rd2 Rac8 24. Red1 Qb5 25. Qh5 Kg8 26. Qg4 Kh8 27. Qh5 Kg8 28.
Qg4 Kh8 29. Qf3 Kg8 30. Qg4 Kh8 31. Qf3 1/2-1/2

[Event "69th Moscow Blitz"]
[Site "Moscow RUS"]
[Date "2015.09.06"]
[Round "16.6"]
[White "Dubov, Daniil"]
[Black "Riazantsev, Alexander"]
[Result "1-0"]
[WhiteTitle "GM"]
[BlackTitle "GM"]
[WhiteElo "2661"]
[BlackElo "2646"]
[WhiteFideId "24126055"]
[BlackFideId "4125029"]
[EventDate "2015.09.06"]
[EventType "blitz"]

1. d4 Nf6 2. c4 e6 3. Nf3 d5 4. Nc3 Bb4 5. Bg5 Nbd7 6. cxd5 exd5 7. Rc1 c6 8. e3
O-O 9. Bd3 Be7 10. Qc2 Re8 11. O-O Nf8 12. Bxf6 Bxf6 13. b4 a6 14. a4 Bd7 15.
Nd2 Be7 16. Rb1 Bd6 17. g3 h5 18. e4 Bh3 19. Rfe1 Ne6 20. Ne2 dxe4 21. Nxe4 Bc7
22. Rbd1 Nxd4 23. Nxd4 Qxd4 24. Ng5 Rxe1+ 25. Rxe1 Bd7 26. Bc4 Kf8 27. Qh7 g6
28. Qxf7# 1-0

[Event "69th Moscow Blitz"]
[Site "Moscow RUS"]
[Date "2015.09.06"]
[Round "16.9"]
[White "Novikov, Stanislav"]
[Black "Onischuk, Alexander"]
[Result "1/2-1/2"]
[WhiteTitle "GM"]
[BlackTitle "GM"]
[WhiteElo "2536"]
[BlackElo "2662"]
[WhiteFideId "4125371"]
[BlackFideId "14101025"]
[EventDate "2015.09.06"]
[EventType "blitz"]

1. e4 e5 2. Nf3 Nc6 3. Bb5 a6 4. Bxc6 dxc6 5. O-O f6 6. d4 exd4 7. Nxd4 c5 8.
Ne2 Qxd1 9. Rxd1 Bd7 10. Nbc3 O-O-O 11. Be3 b6 12. Rd2 Bc6 13. Rxd8+ Kxd8 14.
Rd1+ Kc8 15. f3 Ne7 16. Nf4 Ng6 17. Ne6 Bd7 18. Nxf8 Rxf8 19. Kf2 f5 20. exf5
Bxf5 21. Rd2 Ne5 22. b3 Nc6 23. Nd5 Rd8 24. c4 Be6 25. Nf4 Bf5 26. Nd5 Be6 27.
Nf4 Rxd2+ 28. Bxd2 Bf5 29. Ne2 Nd4 30. Bc3 Ne6 31. Ke3 Bb1 32. Nc1 g6 33. g4 Kd7
34. a4 Kc6 35. f4 Bc2 36. Kd2 Bb1 37. Ke3 b5 38. axb5+ axb5 39. cxb5+ Kxb5 40.
Be5 c4 41. bxc4+ Kxc4 42. Ne2 c5 43. Ng3 Nd4 44. h4 Kd5 45. h5 Bc2 46. hxg6 hxg6
47. Bxd4 cxd4+ 48. Kd2 Ba4 49. f5 g5 50. Kd3 Bb5+ 51. Kd2 Ke5 52. Ne2 Bc4 53.
Ng1 Kf4 54. Ne2+ Ke4 55. f6 Ke5 56. Ke1 d3 57. Nc1 Kxf6 58. Kd2 Ke5 59. Ke3 d2
60. Kxd2 Kf4 61. Kc3 Ba6 62. Nb3 Kxg4 63. Nc5 Kf5 64. Nxa6 1/2-1/2

[Event "69th Moscow Blitz"]
[Site "Moscow RUS"]
[Date "2015.09.06"]
[Round "16.10"]
[White "Oparin, Grigoriy"]
[Black "Inarkiev, Ernesto"]
[Result "1/2-1/2"]
[WhiteTitle "GM"]
[BlackTitle "GM"]
[WhiteElo "2569"]
[BlackElo "2660"]
[WhiteFideId "24125890"]
[BlackFideId "4162722"]
[EventDate "2015.09.06"]
[EventType "blitz"]

1. e4 e5 2. Nf3 Nc6 3. Bb5 Nf6 4. d3 d6 5. O-O Bd7 6. Nbd2 g6 7. c3 Bg7 8. Re1
O-O 9. Ba4 Re8 10. Nf1 d5 11. Bb3 dxe4 12. dxe4 Be6 13. Qe2 h6 14. h3 Qe7 15.
N3h2 a5 16. Ng4 Nxg4 17. hxg4 a4 18. Bxe6 Qxe6 19. Ne3 Ne7 20. Qb5 Qa6 21. Qxa6
Rxa6 22. Kf1 Rd8 23. Ke2 Rad6 24. Nc4 R6d7 25. Be3 b5 26. Na3 c6 27. Nc2 f5 28.
exf5 gxf5 29. gxf5 Nxf5 30. Rad1 e4 31. Rxd7 Rxd7 32. g4 Nxe3 33. Nxe3 a3 34.
bxa3 Ra7 35. c4 Rxa3 36. cxb5 Rxa2+ 37. Kf1 cxb5 38. Nf5 Bc3 39. Rxe4 b4 40.
Re8+ Kf7 41. Rb8 Kg6 42. Kg2 Be1 43. Kh3 Rxf2 44. Rg8+ Kh7 45. Rg7+ Kh8 46. Rb7
Bd2 47. Kg3 Re2 48. Kf3 Re6 49. Rd7 Bc3 50. Rb7 Kg8 51. Ne3 Rd6 52. Nf5 Re6 53.
Ne3 Rf6+ 54. Nf5 Kf8 55. Ke4 Re6+ 56. Kf4 Bd2+ 57. Kf3 Rc6 58. Nd4 Rg6 59. Nf5
Bc3 60. Kf4 Ke8 61. Ne3 Bd2 62. Kf5 Rc6 63. Nd5 Kd8 64. Nxb4 Rc5+ 65. Ke4 Rc4+
66. Kf5 Bxb4 67. g5 hxg5 68. Kxg5 Bd6 69. Kf5 Bc7 70. Ke6 Rc6+ 71. Kd5 Rd6+ 72.
Kc5 Kd7 73. Rb3 Rc6+ 74. Kd5 Bb6 75. Rh3 Rc5+ 76. Ke4 Bc7 77. Rh7+ Kc6 78. Rh6+
Bd6 79. Kd3 Kd5 80. Rh5+ Be5 81. Rg5 Rc3+ 82. Ke2 Ke4 83. Rg4+ Bf4 84. Rg2 Bg3
85. Kd2 Rd3+ 86. Kc2 Rf3 87. Re2+ Kd4 88. Rd2+ Kc4 89. Re2 Bf2 90. Re4+ Bd4 91.
Re2 Ra3 92. Kd2 Rd3+ 93. Kc2 Be3 94. Rg2 Ra3 95. Re2 Rc3+ 96. Kb2 Kb4 97. Kb1
Bc1 98. Rc2 Rxc2 1/2-1/2

[Event "69th Moscow Blitz"]
[Site "Moscow RUS"]
[Date "2015.09.06"]
[Round "17.1"]
[White "Inarkiev, Ernesto"]
[Black "Grachev, Boris"]
[Result "1-0"]
[WhiteTitle "GM"]
[BlackTitle "GM"]
[WhiteElo "2660"]
[BlackElo "2649"]
[WhiteFideId "4162722"]
[BlackFideId "4129199"]
[EventDate "2015.09.06"]
[EventType "blitz"]

1. d4 d5 2. c4 e6 3. Nc3 Nf6 4. cxd5 exd5 5. Bg5 c6 6. e3 Bf5 7. Qf3 Bg6 8. Bxf6
Qxf6 9. Qxf6 gxf6 10. Nf3 Nd7 11. O-O-O Nb6 12. Bd3 Nc8 13. e4 dxe4 14. Nxe4
Bxe4 15. Bxe4 Nd6 16. Rhe1 O-O-O 17. Nh4 Bh6+ 18. Kc2 Rde8 19. f3 Bg5 20. Nf5
Nxf5 21. Bxf5+ Kc7 22. g3 h5 23. f4 Bh6 24. d5 cxd5 25. Rxe8 Rxe8 26. Rxd5 Re2+
27. Kb3 Rxh2 28. Rd7+ Kb8 29. Rd8+ Kc7 30. Rh8 h4 31. Rxh6 hxg3 32. Rxf6 Rf2 33.
Be4 Re2 34. Rxf7+ Kd6 35. Bxb7 g2 36. Rg7 Re7 37. Rg6+ Kc5 38. Bxg2 Re3+ 39. Ka4
Re2 40. b4+ Kd4 41. a3 Rf2 42. Kb5 Rxf4 43. Rc6 Rf2 44. Rc4+ Ke5 45. Bb7 Kd6 46.
a4 Ra2 47. a5 Rh2 48. Ka6 1-0

[Event "69th Moscow Blitz"]
[Site "Moscow RUS"]
[Date "2015.09.06"]
[Round "17.2"]
[White "Onischuk, Alexander"]
[Black "Oparin, Grigoriy"]
[Result "1/2-1/2"]
[WhiteTitle "GM"]
[BlackTitle "GM"]
[WhiteElo "2662"]
[BlackElo "2569"]
[WhiteFideId "14101025"]
[BlackFideId "24125890"]
[EventDate "2015.09.06"]
[EventType "blitz"]

1. d4 Nf6 2. c4 e6 3. Nf3 b6 4. g3 Ba6 5. b3 Bb4+ 6. Bd2 Be7 7. Bg2 d5 8. Ne5
O-O 9. O-O Bb7 10. Nc3 Nbd7 11. Bg5 h6 12. Nxd7 Qxd7 13. Bxf6 Bxf6 14. cxd5 exd5
15. Rc1 Rfe8 16. e3 a5 17. Qc2 Be7 18. Rfd1 Ba3 19. Rb1 c6 20. Ne2 Bd6 21. Nc1
Rac8 22. Nd3 Rc7 23. Qb2 Qe6 24. Rbc1 Rec8 25. Qd2 Ba6 26. Bf1 Bb7 27. Rc2 g6
28. Re1 Re8 29. Rcc1 h5 30. Nf4 Qf6 31. Nd3 Qe6 32. Bg2 Qf6 33. Qb2 Qe7 34. Rcd1
Qf6 35. f4 Kg7 36. Ne5 Qe7 37. Qb1 Bc8 38. Bf1 Bf5 39. Bd3 Qe6 40. Bxf5 Qxf5 41.
Qxf5 gxf5 42. Kf2 f6 43. Nf3 Kf7 44. Rc1 Ke6 45. Rc2 Rec8 46. Rec1 Ba3 47. Rd1
Bd6 48. Ne1 Ba3 49. Nd3 Ra8 50. Ke2 Rh8 51. Kf3 Rhc8 52. Rcd2 Rh8 53. Re2 Rg8
54. Ne1 Ra8 55. Nc2 Bd6 56. a4 Rb8 57. Ne1 b5 58. Nd3 bxa4 59. bxa4 Rb3 60. Ra2
Rcb7 61. Rc2 Kd7 62. Nc5+ Bxc5 63. Rxc5 Ra7 64. Rdc1 Ra6 65. h3 Rb4 66. Ra1 Rb3
67. Rcc1 Rab6 68. Rc5 Ra6 69. Ra2 Kd6 70. Rcc2 Rab6 71. Rc5 Ra6 72. Ke2 Rb1 73.
Kf3 Rb3 74. Kf2 Rb4 75. Ke2 Rb1 76. Kf3 Rb3 77. Ke2 Rb1 78. Kf3 1/2-1/2

[Event "69th Moscow Blitz"]
[Site "Moscow RUS"]
[Date "2015.09.06"]
[Round "17.5"]
[White "Riazantsev, Alexander"]
[Black "Kobalia, Mikhail"]
[Result "1-0"]
[WhiteTitle "GM"]
[BlackTitle "GM"]
[WhiteElo "2646"]
[BlackElo "2632"]
[WhiteFideId "4125029"]
[BlackFideId "4119150"]
[EventDate "2015.09.06"]
[EventType "blitz"]

1. d4 d5 2. c4 c6 3. Nc3 Nf6 4. e3 e6 5. Nf3 a6 6. b3 Nbd7 7. Bd3 Bd6 8. O-O O-O
9. Bb2 b6 10. e4 dxc4 11. Bxc4 e5 12. d5 cxd5 13. Bxd5 Nxd5 14. Qxd5 Qc7 15.
Rfd1 Bc5 16. Qxa8 Bb7 17. Nd5 Qc6 18. Qa7 Ra8 19. Qxa8+ Bxa8 20. Rac1 a5 21.
Ne7+ Bxe7 22. Rxc6 Bxc6 23. Nxe5 Nxe5 24. Bxe5 Bxe4 25. Rd7 Kf8 26. Bxg7+ Ke8
27. Ra7 Bc5 28. Bh6 Bb1 29. Be3 Bxe3 30. fxe3 Bxa2 31. b4 1-0

[Event "69th Moscow Blitz"]
[Site "Moscow RUS"]
[Date "2015.09.06"]
[Round "17.7"]
[White "Demidov, Mikhail"]
[Black "Mozharov, Mikhail"]
[Result "1-0"]
[WhiteTitle "IM"]
[BlackTitle "GM"]
[WhiteElo "2497"]
[BlackElo "2573"]
[WhiteFideId "4197143"]
[BlackFideId "4189825"]
[EventDate "2015.09.06"]
[EventType "blitz"]

1. d4 Nf6 2. Bg5 b6 3. Bxf6 exf6 4. e3 Bb7 5. Nf3 d5 6. g3 Be7 7. Bg2 O-O 8. O-O
Re8 9. Nfd2 c6 10. c4 dxc4 11. Nxc4 Nd7 12. Nc3 Bf8 13. Rc1 Rc8 14. Qa4 a6 15.
Qb3 b5 16. Nd2 Qb6 17. a4 b4 18. Nce4 f5 19. Ng5 Re7 20. Nc4 Qc7 21. a5 h6 22.
Nh3 c5 23. d5 Ree8 24. d6 Qb8 25. Bxb7 Qxb7 26. Rfd1 Rcd8 27. Nf4 Nf6 28. Qd3 g6
29. Nd5 Ne4 30. f3 Ng5 31. Nf6+ Kh8 32. Nxe8 Qxf3 33. Qf1 Qc6 34. Nf6 Bxd6 35.
h4 Nf3+ 36. Kf2 Bc7 37. Rxd8+ Bxd8 38. Qg2 Bxf6 39. Qxf3 Qe8 40. Qd5 Kg7 41. b3
Qe7 42. Rd1 Bc3 43. Rd3 Qf6 44. Qd8 Qe6 45. Qd5 Qe7 46. Qd6 Qe4 47. Qd5 Qe7 48.
Rd1 h5 49. Rd3 Qe8 50. Kf3 Qe7 51. e4 fxe4+ 52. Qxe4 Qf6+ 53. Kg2 Bd4 54. Rf3
Qd8 55. Ne5 Qe8 56. Rxf7+ Kh8 57. Nxg6+ 1-0